000 00313nam a2200133Ia 4500
008 150201s2008 xx 000 0 und d
082 _a611
_bA08V
100 _aVISHRAM,SINGH
245 _aINSTANT ANATOMY
250 _a1ST
260 _bANE BOOK PUB.
_aDELHI
_c2008
650 _aHUMAN ANATOMY
942 _2ddc
_cBK
_025
999 _c926
_d926